000 00652nam a2200193 a 4500
005 20260319064224.0
008 030508s1991 mx r 000 0 spa d
020 _a8433105361
035 _aUPN01000123981
049 _aCG
050 4 _aLB1737 E6
_bA7.2
100 1 _aArribas, Jesús
245 1 3 _aLa adquisición de la condición de catedrático :
_bguía para la redacción de la memoria y la preparación del tema /
_cJesús Arribas.
260 _aMadrid :
_bEscuela Española,
_c[1991].
300 _a149 p.
650 4 _aMAESTROS DE ESCUELA SECUNDARIA -
_zESPAÑA
_94215
650 4 _aMaestros
_xExámenes y certificación
_9761
905 _aLibro
999 _c96160
_d96160